Mastering Aldus PhotoStyler

Bibliographic Details
Main Authors: Ihrig, Sybil (Author), Ihrig, Emil (Author)
Format: Book
Published: New York : Bantam Books , c1991
Subjects:

MARC

LEADER 00000cam a2200000 7i4500
001 0000003956
005 20070514093000.0
008 021118s1991
020 |a 0553354531 
090 0 0 |a T385   |b .I39 1991 
100 0 |a Ihrig, Sybil ,   |e author 
245 0 0 |a Mastering Aldus PhotoStyler   |c Sybil and Emil Ihrig 
260 2 |a New York :   |b Bantam Books ,   |c c1991 
300 |a xxviii, 548 p., 16 p. of plates :   |b ill. (some col.) ; ;   |c 24 cm. 
650 0 |a Aldus PhotoStyler 
650 0 |a Computer graphics 
700 0 |a Ihrig, Emil ,   |e author 
999 |a 1000032959   |b Book   |c OPEN SHELF (30 DAYS)   |e Gong Badak Campus